Электрические характеристики специального кабеля КШВГ в диапозоне температур от -60 до +60 град. по С; Тезисы докладов на межвузовской научно-технической конференции по пробою диэлектриков и полупроводников

Λεπτομέρειες βιβλιογραφικής εγγραφής
Parent link:Тезисы докладов на межвузовской научно-технической конференции по пробою диэлектриков и полупроводников.— 1963.— С. 52
Άλλοι συγγραφείς: Андреев Г. А., Рощин В. Г., Анисимов Б. А., Сафронов В. Н.
Γλώσσα:Ρωσικά
Έκδοση: 1963
Θέματα:
Μορφή: Κεφάλαιο βιβλίου
KOHA link:https://koha.lib.tpu.ru/cgi-bin/koha/opac-detail.pl?biblionumber=194195

MARC

LEADER 00000naa2a2200000 4500
001 194195
005 20231031182218.0
035 |a (RuTPU)RU\TPU\book\211798 
035 |a RU\TPU\tpu\4462 
090 |a 194195 
100 |a 20110407d1963 k y0rusy50 ca 
101 0 |a rus 
102 |a RU 
200 1 |a Электрические характеристики специального кабеля КШВГ в диапозоне температур от -60 до +60 град. по С  |f Г. А. Андреев [и др.] 
463 0 |0 (RuTPU)RU\TPU\book\187258  |t Тезисы докладов на межвузовской научно-технической конференции по пробою диэлектриков и полупроводников  |f Томский политехнический институт (ТПИ)  |v С. 52  |d 1963  |p 83 с. 
610 1 |a электричество 
610 1 |a труды учёных ТПУ 
610 1 |a диэлектрики 
610 1 |a пробой 
701 1 |a Андреев  |b Г. А. 
701 1 |a Рощин  |b В. Г. 
701 1 |a Анисимов  |b Б. А. 
701 1 |a Сафронов  |b В. Н. 
801 0 |a RU  |b 63413507  |c 20011210  |g PSBO 
801 2 |a RU  |b 63413507  |c 20110407  |g PSBO 
942 |c BK